000 00634nam a2200205 a 4500
005 20220531063626.0
008 991125s1974 es 000 0 spa u
020 _a8473530152
035 _aUPN01000000699
049 _aCG
050 4 _aPC4505
_bR6.2
100 1 _aRosenblat, Angel
245 1 0 _aActuales normas ortográficas y prosódicas de la Academia Española /
_cAngel Rosenblat ; pról. Rodolfo Barón Castro.
260 _aMadrid :
_bOEI :
_bPromoción Cultural,
_c1974
300 _a147 p.
440 0 _aOrientación y doctrina ;
_v4
650 7 _aEspañol
_xOrtografía
_2
_912600
650 4 _aVERIFICACION
905 _aLibro
999 _c699
_d699